| 000 | 01037cam a2200337 a 4500 | ||
|---|---|---|---|
| 999 |
_c4100 _d4100 |
||
| 001 | 6178861 | ||
| 003 | Nust | ||
| 005 | 20171117151856.0 | ||
| 008 | 900425m19899999pk ac 000 0burdo | ||
| 010 | _a 89932439 | ||
| 020 | _cRs125.00 | ||
| 035 | _a(OCoLC)ocm21520008 | ||
| 035 | _a(OCoLC)21520008 | ||
| 035 | _a(NNC)6178861 | ||
| 040 |
_aDLC _cDLC _dOCL |
||
| 043 | _aa-pk--- | ||
| 050 | 0 | 0 |
_aQC792.78.P18 _bZ34 1989 |
| 082 |
_a355.821 _bMAL |
||
| 100 | 0 |
_aZahid Malik, _d1937- _96519 |
|
| 245 | 1 | 0 |
_aDoctor ʻAbdulqadīr K̲h̲ān aur Islāmī bam / _cZāhid Malik. |
| 260 |
_aIslāmābād : _bMat̤būʻāt-i Ḥurmat, _c1998 |
||
| 300 |
_a296p. _bill., ports. (some col.) ; _c23 cm. |
||
| 500 | _aIn Urdu. | ||
| 600 | 1 | 0 |
_aKhan, A. Q. _q(Abdul Qadeer), _d1936- _96520 |
| 650 | 0 |
_aNuclear energy _xResearch _zPakistan. _96521 |
|
| 650 | 0 |
_aNuclear engineers _zPakistan _vBiography. _96522 |
|
| 880 |
_6100-01\(3\r _aزاھد ملک |
||
| 880 |
_6245-02\(3\r _aڈاکٹر عبد القدیر خان اور اسلامی بم: _bغوری میزائل سے چاغی تک _cزاھد ملک |
||
| 880 |
_6260-03\(3\r _aاسلام آباد: _bمطبوعات حرمت، _c1998 |
||
| 942 |
_2ddc _cBK |
||
| 948 | 1 |
_a20070510 _bc _cbb145 _dOSMC |
|